| 000 | 00000nam##2200000za#4500 |
| 001 | 9.604174 |
| 003 | CaOODSP |
| 005 | 20250319165014 |
| 007 | cr ||||||||||| |
| 008 | 150406|2001||||xxc|||||o f|0| 0 fre|d |
| 040 | |aCaOODSP|bfre |
| 043 | |an-cn--- |
| 086 | 1 |aH39-590/2001F-PDF |
| 110 | 2 |aConseil consultatif national sur le troisième âge (Canada) |
| 245 | 10|aLes aînés et la technologie |h[ressource électronique] |
| 260 | |aOttawa - Ontario : |bSanté Canada. |cSeptembre 2001. |
| 300 | |a82p.|bgraphiques, références |
| 490 | 1 |aÉcrits en gérontologie |v17 |
| 500 | |aSommaire partiel : La technologie courante et les aînés : amis ou ennemis? / par Jeannine Jessome ... [et al.] -- L'informatique : source de dividendes ou de disparités? Comment faire bénéficier les aînés de la technologie de l'information / par Satya Brink -- La technologie et les personnes ägées : le point de vue d'un aîné / par John Ryan -- L'accélération du rythme de l'innovation pour répondre aux besoins de biens et services des consommateurs âgés / pr Gale E. West -- Recours à la technologie par les personnes âgées désireuses de continuer à lire après une perte de vision / par Ellen Bourchard Ryan ... [et al.] -- Les routes de campagne : brancher les aînés canadiens en milieu rural / par Donald A. King. Le nº de catalogue (H39-590/2001F) et l'ISBN (0-662-86137-X) de l'édition imprimée ont été incorrectement copiés dans cette édition électronique. |
| 590 | |a12-26-Supp|b2012-06-07 |
| 691 | 07|aAîné|2gcpds |
| 691 | 07|aTechnologie|2gcpds |
| 775 | 08|tSeniors and technology |w(CaOODSP)9.566116 |
| 776 | 0#|tLes aînés et la technologie / |w(CaOODSP)9.625749 |
| 830 | #0|aÉcrits en gérontologie ;|v17|w(CaOODSP)9.500886 |
| 856 | 40|ahttp://publications.gc.ca|qPDF|s354 Ko|uhttps://publications.gc.ca/collections/Collection/H39-590-2001F.pdf|y17 |